Đất nước Tiểu thuyết T.1
Αποθηκεύτηκε σε:
| Κύριος συγγραφέας: | |
|---|---|
| Μορφή: | Βιβλίο |
| Γλώσσα: | Vietnamese |
| Έκδοση: |
H.
Quân đội nhân dân
1984
|
| Θέματα: | |
| Ετικέτες: |
Προσθήκη ετικέτας
Δεν υπάρχουν, Καταχωρήστε ετικέτα πρώτοι!
|
| Thư viện lưu trữ: | Trung tâm Học liệu Lê Vũ Hùng, Trường Đại học Đồng Tháp |
|---|
| LEADER | 00680pam a22002178a 4500 | ||
|---|---|---|---|
| 001 | 00025074 | ||
| 005 | 20171026081022.0 | ||
| 008 | 110730s1984 ||||||viesd | ||
| 041 | 0 | # | |a vie |
| 082 | 1 | # | |a 895.922 334 |b Đ124N |
| 100 | 0 | # | |a Hữu Mai |
| 245 | 0 | 0 | |a Đất nước |b Tiểu thuyết |c Hữu Mai |n T.1 |
| 260 | # | # | |a H. |b Quân đội nhân dân |c 1984 |
| 300 | # | # | |a 539tr. |c 19 cm. |
| 650 | |a Tiểu thuyết | ||
| 650 | |a Việt Nam | ||
| 650 | |a Văn học hiện đại | ||
| 852 | # | # | |b Kho đọc |j KD.0000848 |
| 852 | # | # | |j KD.0000848 |
| 910 | |d 30/07/2011 | ||
| 980 | # | # | |a Trung tâm Học liệu Lê Vũ Hùng, Trường Đại học Đồng Tháp |